Welcome to the Holygrace Academy Library

Please use search bar below to get started

LES FEMMES SAVANTES (Record no. 8000)

MARC details
000 -LEADER
fixed length control field 00279nam a22001217a 4500
082 ## - DEWEY DECIMAL CLASSIFICATION NUMBER
Classification number 823
Item number MOL/L
100 ## - MAIN ENTRY--AUTHOR NAME
Personal name MOLIERE
245 ## - TITLE STATEMENT
Title LES FEMMES SAVANTES
260 ## - PUBLICATION, DISTRIBUTION, ETC. (IMPRINT)
Place of publication LONDON
Name of publisher GEORGE G HARRAO & CO LTD
Year of publication 1955
300 ## - PHYSICAL DESCRIPTION
Number of Pages 100
650 ## - SUBJECT ADDED ENTRY--TOPICAL TERM
Topical Term ENGLISH PLAY
Geographic subdivision UNITED KINGDOM
942 ## - ADDED ENTRY ELEMENTS (KOHA)
Koha item type Books
Holdings
Withdrawn status Lost status Collection code Home library Current library Shelving location Date acquired Source of acquisition Full call number Accession Number Koha item type
    Fiction Main Library Main Library NEW SHELF WITH NEW ENTRY 22/12/2023 purchase 823 MOL/L 13524 Books